000 00633nam a2200217Ia 4500
003 GCL
008 140319s9999 xx 000 0 ara d
040 _aGCL /
_cGCL
082 0 4 _a811.9
_bع ع
100 1 _aعلى الجارم
245 1 0 _aعلى الجارم الاعمال النثرية الكاملة /
_cعلى الجارم
260 _a[S.N] :
_bدار الشروق ،
_c1989
300 _a967 ص
490 _a
650 0 4 _aالادب العربى
650 0 4 _aالعصر الحديث
650 0 4 _aالنثر العربى
650 0 4 _aتاريخ ونقد
650 0 4 _aالمجموعات
942 _2ddc
_cBK
999 _c31204
_d31204